Statistics for Taylor Swift 77

Click here to take the quiz!

General Stats

  • This quiz has been taken 11 times
  • The average score is 418 of 464

Answer Stats

Answer% Correct
a
100%
all
100%
and
100%
are
100%
at
100%
beat
100%
been
100%
body
100%
'cause
100%
for
100%
go
100%
have
100%
heart
100%
I
100%
I'll
100%
I'm
100%
in
100%
is
100%
king
100%
me
100%
my
100%
never
100%
not
100%
now
100%
of
100%
off
100%
on
100%
one
100%
soul
100%
the
100%
their
100%
this
100%
to
100%
we
100%
we're
100%
where
100%
with
100%
you
100%
your
100%
you're
100%
baby
86%
better
86%
bones
86%
broken
86%
do
86%
end
86%
endings
86%
fancy
86%
I've
86%
let
86%
like
86%
made
86%
night
86%
nights
86%
once
86%
ooh
86%
out
86%
room
86%
say
86%
spending
86%
these
86%
took
86%
up
86%
waiting
86%
want
86%
alone
71%
beer
71%
being
71%
boys
71%
cars
71%
crush
71%
cups
71%
drinking
71%
enough
71%
expensive
71%
fine
71%
live
71%
mending
71%
mind
71%
move
71%
own
71%
perfectly
71%
queen
71%
Range
71%
roof
71%
Rovers
71%
stuff
71%
whoa
71%
American
57%
few
57%
girl
57%
idea
57%
inside
57%
Jaguars
57%
kingdom
57%
love
57%
met
57%
Motown
57%
plastic
57%
quite
57%
school
57%
secret
57%
try
57%
ago
43%
asleep
43%
calling
43%
change
43%
city's
43%
clothes
43%
dreaming
43%
dying
43%
hoping
43%
keep
43%
late
43%
lips
43%
luxury
43%
priorities
43%
rule
43%
taste
43%
trying
43%
weeks
43%
salute
29%

Score Distribution

Percentile by Number Answered

Percent of People with Each Score

Your Score History

You have not taken this quiz